| Поле | Инд. | ПП | Название | Значение |
|---|---|---|---|---|
| Тип записи | a | |||
| Библиографический уровень | m | |||
| 001 | Контрольный номер | e0befcaa-4bab-4b30-ba5e-0ef4f5a7f459 | ||
| 005 | Дата корректировки | 20140703130542.2 | ||
| 008 | Кодируемые данные | 040628 | ||
| 020 | c | Цена, тираж | б/ц | |
| 040 | a | Служба первич. каталог. | НБ ТвГУ | |
| 041 | a | Код языка текста | rus | |
| 080 | a | Индекс УДК | 808.2-283(043.3) | |
| a | Индекс УДК | 808.2-56(043.3) | ||
| 084 | a | Индекс другой классификации/Индекс ББК | Ш141.12-212.92я031 | |
| a | Индекс другой классификации/Индекс ББК | Ш141.12-22я031 | ||
| 090 | x | Авторский знак | Щ61 | |
| a | Полочн. индекс | Ш141.12 | ||
| 100 | 1_ | a | Автор | Щербань Галина Евгеньевна |
| 245 | 10 | a | Заглавие | Функционирование частиц в конструкциях экспрессивного синтаксиса |
| b | Продолж. заглавия | автореф. дис. ... д-ра филол. наук : 10.02.01 | ||
| c | Ответственность | Кабард.-Балкар. гос. ун-т им. Х. М. Бербекова, Каф. рус. яз. и общ. языкознания | ||
| 260 | 0_ | a | Место издания | СПб. |
| b | Издательство | Санкт-Петербургский гос. ун-т | ||
| c | Дата издания | 2002 | ||
| 300 | a | Объем | 39 с. | |
| 500 | a | Примечание | На правах рукоп. | |
| 504 | a | Библиография | Библиогр.: с.37-39. | |
| 583 | a | Действие | Получение впервые 285 29.06.2004 | |
| 650 | a | Основная рубрика | Русский язык | |
| x | Основная подрубрика | Синтаксис | ||
| x | Основная подрубрика | Части речи | ||
| x | Основная подрубрика | Грамматика | ||
| 650 | a | Основная рубрика | Частица в русском языке | |
| 653 | a | Ключевые слова | Русский язык | |
| a | Ключевые слова | Грамматика русского языка | ||
| a | Ключевые слова | Части речи | ||
| a | Ключевые слова | Частица в русском языке | ||
| a | Ключевые слова | Синтаксис русского языка | ||
| a | Ключевые слова | Экспрессивный синтаксис | ||
| a | Ключевые слова | Авторефераты | ||
| 852 | t | Порядковый номер экземпляра | 1 | |
| p | Инвентарный номер | б/н | ||
| 888 | a | Бесплатные | ||
| 930 | a | Новая/Ретро | авторефераты | |
| 952 | p | 285.2004 б/ц 1 б/н | ||
| c | Вид литературы | А/Р н | ||
| 954 | a | Дата поступления на обработку | 20040922 | |
| 999 | a | Подразделение 2 | ч.з. |